Home : (Record no. 4058)

MARC details
000 -LEADER
fixed length control field 00877cam a22002777a 4500
005 - DATE AND TIME OF LATEST TRANSACTION
control field 20251119163033.0
020 ## - INTERNATIONAL STANDARD BOOK NUMBER
International Standard Book Number 9780312508371 (hbk.)
040 ## - CATALOGING SOURCE
Original cataloging agency BTCTA
Transcribing agency BTCTA
Modifying agency HCO
-- DLC
Language of cataloging eng
050 00 - LIBRARY OF CONGRESS CALL NUMBER
Item number 2010
082 ## - DEWEY DECIMAL CLASSIFICATION NUMBER
Classification number 363.6
100 ## - MAIN ENTRY--PERSONAL NAME
Personal name Priddy, Roger
245 00 - TITLE STATEMENT
Title Home :
Remainder of title a lift-the-flap shadow book /
Statement of responsibility, etc. by Roger Priddy
260 ## - PUBLICATION, DISTRIBUTION, ETC.
Place of publication, distribution, etc. New York :
Name of publisher, distributor, etc. Priddy Books,
Date of publication, distribution, etc. 2010
300 ## - PHYSICAL DESCRIPTION
Extent 14 unnumbered pages :
Other physical details color illustrations ;
Dimensions 14 cm .
505 ## - FORMATTED CONTENTS NOTE
Formatted contents note B <br/>
520 ## - SUMMARY, ETC.
Summary, etc. What things from around the home will you find under the flaps?
521 ## - TARGET AUDIENCE NOTE
Target audience note 40 <br/>
Source Lexile estimate <br/>
521 ## - TARGET AUDIENCE NOTE
Target audience note B <br/>
Source Raz-Plus <br/>
650 #0 - SUBJECT ADDED ENTRY--TOPICAL TERM
Topical term or geographic name entry element House furnishings
Form subdivision Juvenile literature.
650 #0 - SUBJECT ADDED ENTRY--TOPICAL TERM
Topical term or geographic name entry element Dwellings
Form subdivision Juvenile literature.
655 #0 - INDEX TERM--GENRE/FORM
Genre/form data or focus term Board books.
655 #0 - INDEX TERM--GENRE/FORM
Genre/form data or focus term Lift-the-flap books.
906 ## - LOCAL DATA ELEMENT F, LDF (RLIN)
a 7
b cbc
c copycat
d 3
e ncip
f 20
g y-gencatlg
942 ## - ADDED ENTRY ELEMENTS (KOHA)
Source of classification or shelving scheme Dewey Decimal Classification
Koha item type Books
Suppress in OPAC No
999 ## -
-- 4058
-- 4058
Holdings
Withdrawn status Lost status Source of classification or shelving scheme Damaged status Not for loan Collection Home library Current library Shelving location Date acquired Total Checkouts Full call number Barcode Date last seen Date last checked out Price effective from Koha item type
    Dewey Decimal Classification     Juvenile Fiction Footprints International School Library Network Toul Tom Poung Campus Footprints International School Library Network Toul Tom Poung Campus   06/04/2024 2 PRI 363.6 FISTK02853 11/19/2025 10/03/2025 06/04/2024 Books